UM Logo

Personal Distress Common Among College Students/ (Record no. 14874)

MARC details
000 -LEADER
fixed length control field 00680nam a22001697a 4500
008 - FIXED-LENGTH DATA ELEMENTS--GENERAL INFORMATION
fixed length control field 200123b ||||| |||| 00| 0 eng d
082 ## - DEWEY DECIMAL CLASSIFICATION NUMBER
Edition number 2019
Classification number UT 1411
Item number F76
100 ## - MAIN ENTRY--PERSONAL NAME
Personal name Formentera, Cyril Rose S.
9 (RLIN) 41291
245 ## - TITLE STATEMENT
Title Personal Distress Common Among College Students/
Statement of responsibility, etc. Cyril Rose S.Formentera, Jay Marie Grace O. Gamba & Jo-anna Rose R. Loon
260 ## - PUBLICATION, DISTRIBUTION, ETC. (IMPRINT)
Place of publication, distribution, etc. Digos City
Name of publisher, distributor, etc. UMDC
Date of publication, distribution, etc. December 2019
300 ## - PHYSICAL DESCRIPTION
Extent 29 pages
Dimensions 30 cm
650 ## - SUBJECT ADDED ENTRY--TOPICAL TERM
Topical term or geographic name as entry element Technical Teacher Education
Form subdivision Food and Service Management
General subdivision Undergraduate Thesis
9 (RLIN) 41292
700 ## - ADDED ENTRY--PERSONAL NAME
Personal name Formentera, Cyril Rose S.
9 (RLIN) 41291
700 ## - ADDED ENTRY--PERSONAL NAME
Personal name Gamba, Jay Marie Grace O.
9 (RLIN) 41293
700 ## - ADDED ENTRY--PERSONAL NAME
Personal name Loon, Jo-anna Rose R.
9 (RLIN) 41294
942 ## - ADDED ENTRY ELEMENTS (KOHA)
Source of classification or shelving scheme Dewey Decimal Classification
Koha item type Undergraduate Thesis
Holdings
Withdrawn status Lost status Source of classification or shelving scheme Damaged status Not for loan Collection code Home library Current library Date acquired Total Checkouts Full call number Barcode Date last seen Price effective from Koha item type
    Dewey Decimal Classification     Undergraduate Theses UM Digos College - LIC UM Digos College - LIC 01/22/2020   UT 1411 F76 2019 UT 1411 01/23/2020 01/23/2020 Undergraduate Thesis